Kapesní německo-český, česko-německý slovník

Bibliographic Details
Format: Book
Language:Czech
German
PhysicalDescription:784 strán
Published: Praha Fragment ve spolupráci s nakladatelstvím KPS 2020
ISBN:9788025349335
9788090670426
Edition:6. vydání
Subjects:

MARC

LEADER 00000cam a2200000 4500
001 vtls012130022
003 SK-MaSNL
005 20260301055357.0
008 220405s2020 xr g d 000 0 cze
020 |a 9788025349335  |q (Fragment ;  |q brožované) 
020 |a 9788090670426  |q (KPS ;  |q brožované) 
040 |a SNK  |b slo  |c SNK  |e rda 
041 0 |a cze  |a ger 
044 |a xr  |c CZ 
072 7 |a 81  |x Lingvistika. Jazyky  |2 konspekt 
080 |a 811.112.2  |2 2011 
080 |a 811.162.3  |2 2011 
080 |a 81'373  |2 2011 
080 |a (038)  |2 2011 
245 0 0 |a Kapesní německo-český, česko-německý slovník 
246 1 |a Německo-český, česko-německý slovník pro kvalitní překlady, výuku i cestování 
250 |a 6. vydání 
264 1 |a Praha  |b Fragment ve spolupráci s nakladatelstvím KPS  |c 2020 
300 |a 784 strán 
336 |a text  |b txt  |2 rdacontent 
337 |a bez média  |b n  |2 rdamedia 
338 |a zväzok  |b nc  |2 rdacarrier 
650 0 7 |a nemčina  |2 SNKPH  |9 1384 
650 0 7 |a German language  |2 SNKPHeng  |9 278149 
650 0 7 |a čeština  |2 SNKPH  |9 1319 
650 0 7 |a Czech language  |2 SNKPHeng  |9 288039 
650 0 7 |a slovná zásoba  |2 SNKPH  |9 66837 
650 0 7 |a Vocabulary  |2 SNKPHeng  |9 101868 
655 7 |a slovníky  |2 SNKPH  |9 70413 
655 7 |a Dictionaries  |2 SNKPHeng  |9 294898 
852 |a Slovenská národná knižnica 
919 |a 978-80-253-4933-5 
919 |a 978-80-906704-2-6 
954 |a odborná, vedecká literatúra cudzojazyčná (svetová)  |2 lita 
999 |c 613222  |d 615152 
952 |t snkNEM 803.0  |a SNKUST  |b SNKUST  |y PREZ  |7 0  |p 17A1478983  |o snkIE 10620  |i snk2023/13060  |8 4  |g 7.82  |0 0  |1 0  |4 0  |d 2022-04-05  |l 0  |r 2025-04-30 00:00:00  |w 2026-02-23